Catálogo
 En Linea

Cocina criolla dominicana / (Registro nro. 35375)

Detalles MARC
000 -CABECERA
campo de control de longitud fija 00690nam a2200217 a 4500
001 - NÚMERO DE CONTROL
campo de control 000035884
005 - FECHA Y HORA DE LA ÚLTIMA TRANSACCIÓN
campo de control 20200930074706.0
008 - DATOS DE LONGITUD FIJA--INFORMACIÓN GENERAL
campo de control de longitud fija 090630s2007 dr r 000 0 spa d
020 ## - NÚMERO INTERNACIONAL ESTÁNDAR DEL LIBRO
Número Internacional Estándar del Libro 9789945410334
040 ## - FUENTE DE LA CATALOGACIÓN
Centro catalogador/agencia de origen DO-SdBNP
Lengua de catalogación spa
Centro/agencia transcriptor BNPHU
082 ## - NÚMERO DE LA CLASIFICACIÓN DECIMAL DEWEY
Número de clasificación 641.597293
Número de documento/Ítem A717c
100 1# - ENTRADA PRINCIPAL--NOMBRE DE PERSONA
Nombre de persona Aristy, Estela
9 (RLIN) 61880
245 10 - MENCIÓN DE TÍTULO
Título Cocina criolla dominicana /
Mención de responsabilidad, etc. Estela Aristy.
260 ## - PUBLICACIÓN, DISTRIBUCIÓN, ETC.
Lugar de publicación, distribución, etc. Santo Domingo :
Nombre del editor, distribuidor, etc. Letra gráfica,
Fecha de publicación, distribución, etc. 2007.
300 ## - DESCRIPCIÓN FÍSICA
Extensión 206 p. ;
Dimensiones 23 cm.
500 ## - NOTA GENERAL
Nota general La biblioteca posee la primera reimpresión del 2009
590 ## - NOTA LOCAL (RLIN)
Nota local Inventariado, 2018/BT
650 #4 - PUNTO DE ACCESO ADICIONAL DE MATERIA--TÉRMINO DE MATERIA
Término de materia o nombre geográfico como elemento de entrada Cocina dominicana
9 (RLIN) 192
650 #4 - PUNTO DE ACCESO ADICIONAL DE MATERIA--TÉRMINO DE MATERIA
Término de materia o nombre geográfico como elemento de entrada Preparación de alimentos
9 (RLIN) 193
910 ## - DATOS DE OPCIÓN DEL USUARIO (OCLC)
Datos de opción del usuario Validado. Control de calidad. MFF
Existencias
Estado de retiro Estado de pérdida Restricciones de uso No para préstamo Código de colección Localización permanente Ubicación/localización actual Ubicación en estantería Fecha de adquisición Número de inventario Total de préstamos Signatura topográfica completa Código de barras Fecha visto por última vez Número de copia Precio válido a partir de Tipo de ítem Koha
        Dominicana de Servicio General General Depósito 24.10.2012 LF1   641.597293 A717c 35884-30 25.06.2020 e. 3 25.06.2020 Libro y Folleto Colección Dominicana de Servicio
        Dominicana de Servicio General General Depósito 24.10.2012 LF1   641.597293 A717c 35884-40 25.06.2020 e. 4 25.06.2020 Libro y Folleto Colección Dominicana de Servicio
  Extraviado     Dominicana de Servicio General General Extraviado 24.10.2012 LF1   641.597293 A717c 35884-50 25.06.2020 e. 5 25.06.2020 Libro y Folleto Colección Dominicana de Servicio
      Excluido de préstamo Patrimonio Dominicano Patrimonio Dominicano Patrimonio Dominicano Depósito 15.11.2011 LF1   641.597293 A717c 35884-10 25.06.2020   25.06.2020 Libro y Folleto Colección Patrimonio Dominicano
      Excluido de préstamo Patrimonio Dominicano Patrimonio Dominicano Patrimonio Dominicano Depósito 15.11.2011 LF1   641.597293 A717c 35884-20 25.06.2020 e. 2 25.06.2020 Libro y Folleto Colección Patrimonio Dominicano

Con tecnología Koha